Adivina el juego de papa's - Estadísticas

Estadísticas generales
  • Esta prueba ha sido intentada 27 veces
  • La puntuación promedio es 7 de 16
Estadísticas de respuestas
Imagen Respuesta % Correcto
Papa's Pizzeria
100%
Papa's Donuteria
67%
Papa's Freezeria
54%
Papa's Pancakeria
54%
Papa's Wingeria
50%
Papa's Sushiria
46%
Papa's Cupcakeria
42%
Papa's Burgeria
38%
Papa's Scooperia
38%
Papa's Cheeseria
33%
Papa's Hot Doggeria
33%
Papa's Pastaria
33%
Papa's Taco Mia
33%
Papa's Bakeria
25%
Papa's Mocharia
13%
Papa's Cluckeria
8%
No se encontraron pruebas coincidentes
Distribución de puntuación
Porcentaje de gente con cada puntuación
Porcentaje por número respondido
Historial de tus puntuaciones
No has intentado esta prueba.